000 00544cab a2200217 4500
001 X621
008 090401t1993 xxu||||| |||| 00| 0 eng d
035 _a(Sirsi) u97849
041 _aeng
100 _aJones, T.
245 _aFinishing touches for a laboratory
260 _c1993
350 _a0
490 _aCS Monthly
_bthe Building Surveyor
_v2(7) April 1993, 8-9(2)
650 _aCASE STUDY
650 _aCHEMICALS
650 _aFINISHES
690 _aBUILT ENVIRONMENT-BUILDING INSPECTION
942 _n0
948 _c04/03/1997
999 _c59725
_d59725